| 000 | 01196nmm a2200325 a 4500 | ||
|---|---|---|---|
| 001 | ocm0002016180 | ||
| 003 | TR-IsHL | ||
| 005 | 20201028180146.0 | ||
| 008 | 181201s2017 tu tur | ||
| 007 | cr cn | ||
| 020 | _a9786054635320 | ||
| 035 |
_a2016180 _b(N$T) |
||
| 050 | 0 | 4 |
_aDR569 _b.H35 2017 |
| 090 | 0 | 4 |
_aDR569 _b.H35 2017 |
| 100 | 1 | _aHalil Rüştü | |
| 245 | 1 | 0 |
_a1877-1878 Osmanlı-Rus seferinde Osmanlı kumandanları _h[electronic resource] / _cHalil Rüştü ; hazırlayan Emre Gör ; editör Mürşide Güney Tüyloğlu |
| 250 | _aBirinci Baskı | ||
| 260 |
_aİstanbul : _bDün Bugün Yarın Yayınları, _c2017 |
||
| 300 | _a260 p. | ||
| 650 | 4 | _aTarih | |
| 650 | 4 | _aHistory | |
| 650 | 0 |
_aGenerals _x Turkey _x Biography |
|
| 650 | 0 |
_aGeneraller _x Türkiye _x Biyografi |
|
| 650 | 0 |
_aTurkey _x History _x Ottoman Empire, 1288-1919 |
|
| 650 | 0 |
_aTürkiye _x Tarih _x Osmanlı İmparatorluğu, 1288-1918 |
|
| 650 | 7 |
_aHISTORY / Middle East / Turkey & Ottoman Empire _2bisacsh |
|
| 700 | 1 | _aGör, Emre | |
| 700 | 1 | _aTüyloğlu, Mürşide Güney | |
| 856 | 4 | 0 | _uhttp://search.ebscohost.com/login.aspx?direct=true&scope=site&db=e011xww&AN=2016180 |
| 999 |
_c19010 _d19010 |
||